[Event "Turkish Cup 2022"]
[Site "Sakarya"]
[Date "2022.03.27"]
[Round "4.6"]
[White "Baltaci, Ismail Tarik"]
[Black "Eren, Ataberk"]
[Result "1-0"]
[WhiteElo "2033"]
[BlackElo "2306"]
[Annotator "NA"]
[PlyCount "97"]
[EventDate "2022.03.25"]
[EventType "swiss"]
[EventCountry "TUR"]
[SourceTitle "playchess.com"]
[Source "ChessBase"]
[SourceQuality "1"]
[TimeControl "5400+30"]

1. e4 {[%emt 0:01:00]} e6 {[%emt 0:01:00]} 2. d4 {[%emt 0:00:30]} d5 {[%emt 0:00:30]} 3. Nc3 {[%emt 0:00:00]} Nf6 {[%emt 0:00:00]} 4. exd5 {[%emt 0:00:00]} exd5 {[%emt 0:00:00]} 5. Bg5 {[%emt 0:00:00]} c6 {[%emt 0:01:30]} 6. Bd3 {[%emt 0:01:00]} Bd6 {[%emt 0:00:30]} 7. Qd2 {[%emt 0:02:30]} O-O {[%emt 0:00:30]} 8. O-O-O {[%emt 0:04:30]} Nbd7 {[%emt 0:00:30]} 9. Re1 {[%emt 0:03:30]} b5 {[%emt 0:00:30]} 10. Nf3 {[%emt 0:00:30]} Qc7 {[%emt 0:00:30]} 11. Kb1 {[%emt 0:12:30]} a5 {[%emt 0:05:30]} 12. Nh4 {[%emt 0:19:30]} b4 {[%emt 0:05:30]} 13. Na4 {[%emt 0:01:30]} h6 {[%emt 0:14:30]} 14. Nf5 {[%emt 0:11:30]} Nh5 {[%emt 0:53:34]} 15. Bxh6 {[%emt 0:03:30]} gxh6 {[%emt 0:09:29]} 16. Qxh6 {[%emt 0:00:30]} Ndf6 {[%emt 0:00:00]} 17. Nxd6 {[%emt 0:00:30]} Qxd6 {[%emt 0:00:15]} 18. Bh7+ {[%emt 0:00:30]} Kh8 {[%emt 0:00:30]} 19. Bg6+ {[%emt 0:00:30]} Kg8 {[%emt 0:00:00]} 20. Bxh5 {[%emt 0:00:30]} Ne4 {[%emt 0:00:00]} 21. Qc1 {[%emt 0:06:30]} Qf6 {[%emt 0:00:19]} 22. f3 {[%emt 0:01:30]} Nd6 {[%emt 0:00:13]} 23. Re5 {[%emt 0:00:30]} Bf5 {[%emt 0:00:23]} 24. Bg4 {[%emt 0:04:30]} Bg6 {[%emt 0:00:16]} 25. Nb6 {[%emt 0:00:30]} Nb5 {[%emt 0:02:09]} 26. Nd7 {[%emt 0:02:30]} Qg7 {[%emt 0:01:07]} 27. Qf4 {[%emt 0:05:03]} Rfd8 {[%emt 0:00:28]} 28. Nf6+ {[%emt 0:02:51]} Kf8 {[%emt 0:00:47]} 29. Bh5 {[%emt 0:01:11]} Rd6 {[%emt 0:01:31]} 30. Ng4 {[%emt 0:01:33]} a4 {[%emt 0:01:08]} 31. Bxg6 {[%emt 0:02:35]} Rxg6 {[%emt 0:00:10]} 32. Rhe1 {[%emt 0:00:58]} b3 {[%emt 0:00:22]} 33. cxb3 {[%emt 0:02:05]} axb3 {[%emt 0:00:07]} 34. axb3 {[%emt 0:00:29]} Qh7 {[%emt 0:01:47]} 35. Kc1 {[%emt 0:03:10]} Nc7 {[%emt 0:01:08]} 36. Re7 {[%emt 0:03:25]} Ra1+ {[%emt 0:01:02]} 37. Kd2 {[%emt 0:00:07]} Rxe1 {[%emt 0:00:23]} 38. Rxe1 {[%emt 0:00:13]} Ne6 {[%emt 0:00:32]} 39. Qb8+ {[%emt 0:00:29]} Kg7 {[%emt 0:00:55]} 40. Qe5+ {[%emt 0:00:05]} Kf8 {[%emt 0:00:25]} 41. Ra1 {[%emt 0:00:16]} Rxg4 {[%emt 0:00:15]} 42. Ra8+ {[%emt 0:00:58]} Ke7 {[%emt 0:00:30]} 43. fxg4 {[%emt 0:00:00]} Qh4 {[%emt 0:00:22]} 44. Kc3 {[%emt 0:01:49]} c5 {[%emt 0:00:44]} 45. dxc5 {[%emt 0:01:43]} d4+ {[%emt 0:00:30]} 46. Kc4 {[%emt 0:00:00]} Qh7 {[%emt 0:00:17]} 47. Ra7+ {[%emt 0:01:37]} Kf8 {[%emt 0:00:59]} 48. Qf5 {[%emt 0:00:17]} Qg7 {[%emt 0:00:12]} 49. Qxe6 {[%emt 0:00:11]} 1-0

[Event "Turkish Cup 2022"]
[Site "Sakarya"]
[Date "2022.03.27"]
[Round "4.7"]
[White "Ozsakallioglu, Okan"]
[Black "Yavuz, Efe Metehan"]
[Result "1-0"]
[WhiteElo "2270"]
[BlackElo "2054"]
[Annotator "NA"]
[PlyCount "83"]
[EventDate "2022.03.25"]
[EventType "swiss"]
[EventCountry "TUR"]
[SourceTitle "playchess.com"]
[Source "ChessBase"]
[SourceQuality "1"]
[TimeControl "5400+30"]

1. e4 {[%emt 0:09:00]} e5 {[%emt 0:01:00]} 2. Nf3 {[%emt 0:00:30]} Nc6 {[%emt 0:00:30]} 3. Bb5 {[%emt 0:00:30]} Nf6 {[%emt 0:01:30]} 4. d3 {[%emt 0:00:30]} Bc5 {[%emt 0:02:30]} 5. c3 {[%emt 0:00:30]} d6 {[%emt 0:03:30]} 6. d4 {[%emt 0:06:30]} exd4 {[%emt 0:01:30]} 7. cxd4 {[%emt 0:00:30]} Bb4+ {[%emt 0:09:30]} 8. Bd2 {[%emt 0:01:30]} O-O {[%emt 0:16:30]} 9. Bxc6 {[%emt 0:08:30]} Bxd2+ {[%emt 0:00:30]} 10. Nbxd2 {[%emt 0:00:30]} bxc6 {[%emt 0:00:30]} 11. O-O {[%emt 0:00:00]} Nd7 {[%emt 0:10:30]} 12. Qc2 {[%emt 0:03:00]} c5 {[%emt 0:02:30]} 13. Rfc1 {[%emt 0:09:30]} Bb7 {[%emt 0:05:30]} 14. b4 {[%emt 0:00:30]} Re8 {[%emt 0:21:30]} 15. bxc5 {[%emt 0:00:30]} dxc5 {[%emt 0:00:30]} 16. dxc5 {[%emt 0:14:30]} Bc6 {[%emt 0:00:30]} 17. Nd4 {[%emt 0:01:30]} Qf6 {[%emt 0:00:30]} 18. Nxc6 {[%emt 0:00:30]} Qxc6 {[%emt 0:00:30]} 19. f3 {[%emt 0:00:00]} Re5 {[%emt 0:01:42]} 20. Nb3 {[%emt 0:00:00]} Rae8 {[%emt 0:03:11]} 21. Qf2 {[%emt 0:00:30]} Qg6 {[%emt 0:00:57]} 22. c6 {[%emt 0:02:30]} Nb6 {[%emt 0:02:38]} 23. Nd4 {[%emt 0:02:30]} Nc8 {[%emt 0:01:58]} 24. Nf5 {[%emt 0:00:30]} Nd6 {[%emt 0:00:17]} 25. Ng3 {[%emt 0:13:30]} Ra5 {[%emt 0:01:07]} 26. Rc5 {[%emt 0:00:30]} Ra6 {[%emt 0:00:46]} 27. Qd4 {[%emt 0:02:30]} Rb8 {[%emt 0:02:36]} 28. Ne2 {[%emt 0:04:04]} Rab6 {[%emt 0:01:15]} 29. Rac1 {[%emt 0:00:43]} Qh6 {[%emt 0:01:26]} 30. R5c2 {[%emt 0:01:37]} a6 {[%emt 0:00:30]} 31. h3 {[%emt 0:00:43]} Qg5 {[%emt 0:02:06]} 32. Rc5 {[%emt 0:00:30]} Qh6 {[%emt 0:00:30]} 33. Kh2 {[%emt 0:00:24]} Rb4 {[%emt 0:00:08]} 34. Qc3 {[%emt 0:02:38]} Rb2 {[%emt 0:01:13]} 35. Rc2 {[%emt 0:00:30]} Rb1 {[%emt 0:00:21]} 36. Qd2 {[%emt 0:02:17]} Qh4 {[%emt 0:01:36]} 37. Ng3 {[%emt 0:01:02]} g6 {[%emt 0:01:39]} 38. Rd5 {[%emt 0:01:03]} Ra1 {[%emt 0:01:11]} 39. Rxd6 {[%emt 0:01:22]} cxd6 {[%emt 0:00:35]} 40. c7 {[%emt 0:00:30]} Rc8 {[%emt 0:00:00]} 41. Qxd6 {[%emt 0:00:00]} Qh6 {[%emt 0:00:34]} 42. Nf5 {[%emt 0:00:00]} 1-0

[Event "Turkish Cup 2022"]
[Site "Sakarya"]
[Date "2022.03.27"]
[Round "4.8"]
[White "Yaran, Siar"]
[Black "Maruflu, Enes Yusuf"]
[Result "1/2-1/2"]
[WhiteElo "2272"]
[BlackElo "1945"]
[Annotator "NA"]
[PlyCount "109"]
[EventDate "2022.03.25"]
[EventType "swiss"]
[EventCountry "TUR"]
[SourceTitle "playchess.com"]
[Source "ChessBase"]
[SourceQuality "1"]
[TimeControl "5400+30"]

1. c4 {[%emt 0:01:00]} e6 {[%emt 0:01:00]} 2. Nf3 {[%emt 0:00:30]} d5 {[%emt 0:00:30]} 3. g3 {[%emt 0:00:30]} Nf6 {[%emt 0:02:30]} 4. Bg2 {[%emt 0:00:00]} Be7 {[%emt 0:00:30]} 5. O-O {[%emt 0:01:00]} O-O {[%emt 0:00:30]} 6. b3 {[%emt 0:00:00]} dxc4 {[%emt 0:00:30]} 7. bxc4 {[%emt 0:00:00]} c5 {[%emt 0:00:00]} 8. Nc3 {[%emt 0:05:30]} Nc6 {[%emt 0:00:00]} 9. Rb1 {[%emt 0:02:30]} a6 {[%emt 0:02:30]} 10. d3 {[%emt 0:02:30]} h6 {[%emt 0:01:30]} 11. Bf4 {[%emt 0:08:30]} Bd6 {[%emt 0:04:30]} 12. Qc1 {[%emt 0:09:30]} Qc7 {[%emt 0:07:30]} 13. Na4 {[%emt 0:26:30]} Nd7 {[%emt 0:18:30]} 14. Rd1 {[%emt 0:05:30]} b5 {[%emt 0:05:30]} 15. cxb5 {[%emt 0:14:30]} axb5 {[%emt 0:00:00]} 16. Nxc5 {[%emt 0:00:30]} Nxc5 {[%emt 0:05:00]} 17. Qxc5 {[%emt 0:01:02]} e5 {[%emt 0:00:30]} 18. Bxe5 {[%emt 0:01:17]} Nxe5 {[%emt 0:00:00]} 19. Qxc7 {[%emt 0:00:52]} Bxc7 {[%emt 0:00:00]} 20. Nxe5 {[%emt 0:00:30]} Rxa2 {[%emt 0:00:30]} 21. Nc6 {[%emt 0:13:31]} Rxe2 {[%emt 0:00:30]} 22. Bf3 {[%emt 0:01:05]} Re6 {[%emt 0:01:30]} 23. Rxb5 {[%emt 0:00:22]} Bd7 {[%emt 0:02:30]} 24. Rc1 {[%emt 0:00:34]} Rc8 {[%emt 0:11:30]} 25. Rbc5 {[%emt 0:01:14]} Bb6 {[%emt 0:00:00]} 26. Ne7+ {[%emt 0:00:23]} Rxe7 {[%emt 0:00:00]} 27. Rxc8+ {[%emt 0:00:30]} Bxc8 {[%emt 0:00:30]} 28. Rxc8+ {[%emt 0:00:30]} Kh7 {[%emt 0:00:30]} 29. h4 {[%emt 0:00:30]} Rc7 {[%emt 0:00:30]} 30. Rb8 {[%emt 0:01:14]} Ba7 {[%emt 0:00:30]} 31. Ra8 {[%emt 0:01:29]} g6 {[%emt 0:00:30]} 32. h5 {[%emt 0:00:32]} Kg7 {[%emt 0:00:30]} 33. Kg2 {[%emt 0:00:44]} Kf6 {[%emt 0:01:30]} 34. hxg6 {[%emt 0:00:37]} fxg6 {[%emt 0:01:30]} 35. Be4 {[%emt 0:00:30]} h5 {[%emt 0:03:30]} 36. Rg8 {[%emt 0:01:12]} Rg7 {[%emt 0:00:30]} 37. Rc8 {[%emt 0:00:00]} g5 {[%emt 0:00:30]} 38. Rc6+ {[%emt 0:00:25]} Ke5 {[%emt 0:00:30]} 39. Bg6 {[%emt 0:01:19]} h4 {[%emt 0:01:30]} 40. f4+ {[%emt 0:00:26]} gxf4 {[%emt 0:00:30]} 41. gxh4 {[%emt 0:00:04]} Rb7 {[%emt 0:02:30]} 42. Be4 {[%emt 0:01:18]} Rg7+ {[%emt 0:01:30]} 43. Bg6 {[%emt 0:00:30]} Rb7 {[%emt 0:00:30]} 44. Be4 {[%emt 0:00:00]} Rg7+ {[%emt 0:00:00]} 45. Kh2 {[%emt 0:00:47]} Rg4 {[%emt 0:06:00]} 46. Rh6 {[%emt 0:00:21]} Bg1+ {[%emt 0:00:30]} 47. Kh1 {[%emt 0:00:04]} Kd4 {[%emt 0:01:30]} 48. Bf5 {[%emt 0:00:22]} Rg3 {[%emt 0:01:30]} 49. Re6 {[%emt 0:01:20]} f3 {[%emt 0:00:36]} 50. Re4+ {[%emt 0:00:49]} Kc3 {[%emt 0:03:39]} 51. Bg4 {[%emt 0:00:33]} Kxd3 {[%emt 0:04:40]} 52. Rf4 {[%emt 0:00:26]} Be3 {[%emt 0:03:19]} 53. Rxf3 {[%emt 0:00:50]} Rxf3 {[%emt 0:00:30]} 54. Bxf3 {[%emt 0:00:30]} Bh6 {[%emt 0:00:30]} 55. Kg2 {[%emt 0:00:00]} 1/2-1/2

[Event "Turkish Cup 2022"]
[Site "Sakarya"]
[Date "2022.03.27"]
[Round "4.9"]
[White "Kirilmaz, Emre"]
[Black "Yasin, Hur"]
[Result "1-0"]
[WhiteElo "2229"]
[BlackElo "1931"]
[Annotator "NA"]
[PlyCount "81"]
[EventDate "2022.03.25"]
[EventType "swiss"]
[EventCountry "TUR"]
[SourceTitle "playchess.com"]
[Source "ChessBase"]
[SourceQuality "1"]
[TimeControl "5400+30"]

1. d4 {[%emt 0:11:00]} Nf6 {[%emt 0:01:00]} 2. Nf3 {[%emt 0:01:30]} e6 {[%emt 0:00:30]} 3. Bg5 {[%emt 0:00:30]} d5 {[%emt 0:00:30]} 4. c3 {[%emt 0:01:30]} Be7 {[%emt 0:02:30]} 5. Nbd2 {[%emt 0:00:30]} Ne4 {[%emt 0:01:30]} 6. Nxe4 {[%emt 0:08:30]} dxe4 {[%emt 0:00:30]} 7. Bxe7 {[%emt 0:00:30]} Qxe7 {[%emt 0:00:30]} 8. Nd2 {[%emt 0:00:30]} f5 {[%emt 0:00:00]} 9. f3 {[%emt 0:06:30]} e3 {[%emt 0:01:00]} 10. Nc4 {[%emt 0:00:30]} f4 {[%emt 0:00:00]} 11. g3 {[%emt 0:00:30]} Qg5 {[%emt 0:07:00]} 12. Rg1 {[%emt 0:02:30]} Qh6 {[%emt 0:00:30]} 13. Qd3 {[%emt 0:01:30]} g5 {[%emt 0:08:30]} 14. O-O-O {[%emt 0:03:30]} Qxh2 {[%emt 0:00:30]} 15. Rg2 {[%emt 0:00:30]} Qh6 {[%emt 0:00:30]} 16. gxf4 {[%emt 0:00:30]} gxf4 {[%emt 0:00:30]} 17. d5 {[%emt 0:26:30]} Qf6 {[%emt 0:05:30]} 18. Rh2 {[%emt 0:07:30]} h5 {[%emt 0:01:30]} 19. Bh3 {[%emt 0:04:30]} Na6 {[%emt 0:04:30]} 20. dxe6 {[%emt 0:05:10]} Nc5 {[%emt 0:12:30]} 21. Qd5 {[%emt 0:01:15]} Nxe6 {[%emt 0:01:30]} 22. Bxe6 {[%emt 0:05:16]} Bxe6 {[%emt 0:00:30]} 23. Qxb7 {[%emt 0:00:14]} Rd8 {[%emt 0:00:30]} 24. Qc6+ {[%emt 0:03:33]} Kf7 {[%emt 0:04:30]} 25. Qxc7+ {[%emt 0:00:10]} Kg6 {[%emt 0:01:30]} 26. Ne5+ {[%emt 0:04:13]} Kh6 {[%emt 0:02:30]} 27. Rdh1 {[%emt 0:00:10]} Kg5 {[%emt 0:00:30]} 28. Rg1+ {[%emt 0:03:04]} Kf5 {[%emt 0:01:30]} 29. Ng6 {[%emt 0:00:14]} Bf7 {[%emt 0:12:30]} 30. Qxf4+ {[%emt 0:00:44]} Ke6 {[%emt 0:00:00]} 31. Qc4+ {[%emt 0:01:46]} Rd5 {[%emt 0:05:00]} 32. Nxh8 {[%emt 0:00:04]} Qxh8 {[%emt 0:00:30]} 33. Rg5 {[%emt 0:00:30]} Kd6 {[%emt 0:00:30]} 34. Qa6+ {[%emt 0:00:44]} Ke7 {[%emt 0:01:30]} 35. Rxd5 {[%emt 0:00:03]} Bxd5 {[%emt 0:01:30]} 36. Qxa7+ {[%emt 0:00:30]} Kd6 {[%emt 0:00:30]} 37. Qxe3 {[%emt 0:00:18]} Kc6 {[%emt 0:01:30]} 38. Qg5 {[%emt 0:00:25]} Bf7 {[%emt 0:00:30]} 39. Rh4 {[%emt 0:00:05]} Qe8 {[%emt 0:03:47]} 40. Qf6+ {[%emt 0:00:19]} Kc5 {[%emt 0:01:32]} 41. Qd4+ {[%emt 0:00:27]} 1-0

[Event "Turkish Cup 2022"]
[Site "Sakarya"]
[Date "2022.03.27"]
[Round "4.10"]
[White "Gulbeyaz, Emir"]
[Black "Daghan, Devran"]
[Result "1-0"]
[WhiteElo "2218"]
[BlackElo "1985"]
[Annotator "NA"]
[PlyCount "61"]
[EventDate "2022.03.25"]
[EventType "swiss"]
[EventCountry "TUR"]
[SourceTitle "playchess.com"]
[Source "ChessBase"]
[SourceQuality "1"]
[TimeControl "5400+30"]

1. d4 {[%emt 0:08:00]} f5 {[%emt 0:01:00]} 2. Nf3 {[%emt 0:00:30]} Nf6 {[%emt 0:00:30]} 3. c4 {[%emt 0:00:00]} d6 {[%emt 0:00:30]} 4. g3 {[%emt 0:00:00]} g6 {[%emt 0:00:30]} 5. Bg2 {[%emt 0:00:30]} Bg7 {[%emt 0:00:30]} 6. O-O {[%emt 0:00:00]} O-O {[%emt 0:00:00]} 7. d5 {[%emt 0:00:00]} a5 {[%emt 0:06:00]} 8. Nc3 {[%emt 0:00:00]} Na6 {[%emt 0:02:30]} 9. Nd4 {[%emt 0:00:00]} Nc5 {[%emt 0:02:30]} 10. Rb1 {[%emt 0:00:30]} e5 {[%emt 0:06:30]} 11. dxe6 {[%emt 0:01:30]} c6 {[%emt 0:02:30]} 12. b3 {[%emt 0:06:30]} Qe7 {[%emt 0:10:30]} 13. Ba3 {[%emt 0:01:30]} Ra6 {[%emt 0:03:30]} 14. Qd2 {[%emt 0:18:30]} Rd8 {[%emt 0:01:30]} 15. Rfe1 {[%emt 0:01:30]} Nxe6 {[%emt 0:06:30]} 16. Nxe6 {[%emt 0:00:30]} Bxe6 {[%emt 0:01:30]} 17. e4 {[%emt 0:00:30]} fxe4 {[%emt 0:01:30]} 18. Nxe4 {[%emt 0:00:30]} Nxe4 {[%emt 0:01:30]} 19. Rxe4 {[%emt 0:00:30]} Qf7 {[%emt 0:01:30]} 20. Rbe1 {[%emt 0:01:30]} Bf5 {[%emt 0:12:30]} 21. Re7 {[%emt 0:00:00]} Qf6 {[%emt 0:00:00]} 22. Rxb7 {[%emt 0:02:00]} a4 {[%emt 0:06:00]} 23. b4 {[%emt 0:01:30]} Qc3 {[%emt 0:11:30]} 24. Rxg7+ {[%emt 0:00:00]} Qxg7 {[%emt 0:00:00]} 25. Bb2 {[%emt 0:00:00]} Qf8 {[%emt 0:02:00]} 26. Qd4 {[%emt 0:00:30]} g5 {[%emt 0:01:07]} 27. b5 {[%emt 0:00:00]} Ra5 {[%emt 0:02:27]} 28. Qh8+ {[%emt 0:01:00]} Kf7 {[%emt 0:00:30]} 29. Qf6+ {[%emt 0:00:00]} Kg8 {[%emt 0:00:00]} 30. Qxg5+ {[%emt 0:00:00]} Bg6 {[%emt 0:00:00]} 31. Bxc6 {[%emt 0:00:30]} 1-0

[Event "Turkish Cup 2022"]
[Site "Sakarya"]
[Date "2022.03.27"]
[Round "4.11"]
[White "Koc, Ilkay"]
[Black "Yazici, Ugur Doga"]
[Result "1/2-1/2"]
[WhiteElo "1995"]
[BlackElo "2195"]
[Annotator "NA"]
[PlyCount "97"]
[EventDate "2022.03.25"]
[EventType "swiss"]
[EventCountry "TUR"]
[SourceTitle "playchess.com"]
[Source "ChessBase"]
[SourceQuality "1"]
[TimeControl "5400+30"]

1. d4 {[%emt 0:01:00]} d5 {[%emt 0:06:00]} 2. Nf3 {[%emt 0:00:00]} Nf6 {[%emt 0:00:30]} 3. g3 {[%emt 0:00:00]} g6 {[%emt 0:00:30]} 4. Bg2 {[%emt 0:00:30]} Bg7 {[%emt 0:00:30]} 5. O-O {[%emt 0:00:30]} O-O {[%emt 0:00:00]} 6. c4 {[%emt 0:00:30]} c6 {[%emt 0:00:00]} 7. Nc3 {[%emt 0:04:30]} Ne4 {[%emt 0:01:30]} 8. Qb3 {[%emt 0:01:30]} Nxc3 {[%emt 0:01:30]} 9. bxc3 {[%emt 0:00:00]} dxc4 {[%emt 0:01:30]} 10. Qxc4 {[%emt 0:00:00]} Nd7 {[%emt 0:01:30]} 11. Rd1 {[%emt 0:01:30]} Qa5 {[%emt 0:07:30]} 12. a4 {[%emt 0:12:30]} Nb6 {[%emt 0:02:30]} 13. Qb4 {[%emt 0:07:30]} Qxb4 {[%emt 0:02:30]} 14. cxb4 {[%emt 0:03:30]} a5 {[%emt 0:01:30]} 15. b5 {[%emt 0:01:30]} cxb5 {[%emt 0:09:30]} 16. axb5 {[%emt 0:00:00]} Nc4 {[%emt 0:06:30]} 17. Bf4 {[%emt 0:08:00]} Bd7 {[%emt 0:03:30]} 18. Rdb1 {[%emt 0:01:30]} Rac8 {[%emt 0:07:30]} 19. b6 {[%emt 0:10:30]} Bc6 {[%emt 0:05:30]} 20. Bc7 {[%emt 0:03:30]} Ra8 {[%emt 0:17:30]} 21. Rc1 {[%emt 0:03:30]} Nd6 {[%emt 0:00:30]} 22. Rxc6 {[%emt 0:00:30]} bxc6 {[%emt 0:00:30]} 23. Ne5 {[%emt 0:00:30]} Bxe5 {[%emt 0:01:30]} 24. dxe5 {[%emt 0:02:30]} Nb5 {[%emt 0:00:30]} 25. b7 {[%emt 0:03:30]} Nxc7 {[%emt 0:00:00]} 26. bxa8=Q {[%emt 0:00:30]} Rxa8 {[%emt 0:00:00]} 27. Bxc6 {[%emt 0:00:00]} Ra6 {[%emt 0:00:30]} 28. Rc1 {[%emt 0:00:00]} Ne6 {[%emt 0:01:30]} 29. Ba4 {[%emt 0:00:30]} Ra8 {[%emt 0:02:30]} 30. e3 {[%emt 0:02:30]} Rb8 {[%emt 0:00:30]} 31. Kg2 {[%emt 0:00:30]} Kg7 {[%emt 0:00:31]} 32. h4 {[%emt 0:02:30]} Rb4 {[%emt 0:01:38]} 33. Bd7 {[%emt 0:00:30]} Nf8 {[%emt 0:01:08]} 34. Be8 {[%emt 0:00:30]} Rb8 {[%emt 0:01:51]} 35. Ba4 {[%emt 0:00:00]} Ne6 {[%emt 0:00:54]} 36. Bd7 {[%emt 0:03:00]} Rb6 {[%emt 0:00:48]} 37. Rc8 {[%emt 0:01:30]} Rb1 {[%emt 0:01:56]} 38. Bxe6 {[%emt 0:12:32]} fxe6 {[%emt 0:00:02]} 39. Re8 {[%emt 0:01:38]} Kf7 {[%emt 0:00:12]} 40. Ra8 {[%emt 0:01:54]} Rb5 {[%emt 0:00:27]} 41. f4 {[%emt 0:01:24]} Rb2+ {[%emt 0:00:30]} 42. Kf3 {[%emt 0:00:30]} Ra2 {[%emt 0:00:00]} 43. Kg4 {[%emt 0:04:44]} a4 {[%emt 0:01:20]} 44. Kf3 {[%emt 0:00:15]} a3 {[%emt 0:00:30]} 45. Ke4 {[%emt 0:00:17]} Ra1 {[%emt 0:00:32]} 46. Kf3 {[%emt 0:00:02]} h6 {[%emt 0:03:54]} 47. Kg2 {[%emt 0:00:38]} a2 {[%emt 0:02:07]} 48. Kh2 {[%emt 0:00:13]} g5 {[%emt 0:00:32]} 49. h5 {[%emt 0:00:51]} 1/2-1/2

[Event "Turkish Cup 2022"]
[Site "Sakarya"]
[Date "2022.03.27"]
[Round "4.13"]
[White "Guven, Oguz Kagan"]
[Black "Demirag, Gokhan"]
[Result "1-0"]
[WhiteElo "2157"]
[BlackElo "1946"]
[Annotator "NA"]
[PlyCount "37"]
[EventDate "2022.03.25"]
[EventType "swiss"]
[EventCountry "TUR"]
[SourceTitle "playchess.com"]
[Source "ChessBase"]
[SourceQuality "1"]
[TimeControl "5400+30"]

1. Nf3 {[%emt 0:08:00]} d5 {[%emt 0:01:00]} 2. g3 {[%emt 0:00:30]} c6 {[%emt 0:00:00]} 3. Bg2 {[%emt 0:00:30]} Bg4 {[%emt 0:00:00]} 4. O-O {[%emt 0:00:30]} Nd7 {[%emt 0:00:30]} 5. c4 {[%emt 0:00:00]} e6 {[%emt 0:07:30]} 6. d3 {[%emt 0:00:00]} Bxf3 {[%emt 0:00:30]} 7. Bxf3 {[%emt 0:00:30]} dxc4 {[%emt 0:02:30]} 8. dxc4 {[%emt 0:01:30]} Ne5 {[%emt 0:01:30]} 9. Qb3 {[%emt 0:00:30]} Nxf3+ {[%emt 0:00:30]} 10. Qxf3 {[%emt 0:00:00]} Qf6 {[%emt 0:01:30]} 11. Qb3 {[%emt 0:02:00]} O-O-O {[%emt 0:00:30]} 12. Be3 {[%emt 0:08:30]} Kb8 {[%emt 0:07:30]} 13. Nc3 {[%emt 0:05:30]} Qf5 {[%emt 0:05:30]} 14. Rfd1 {[%emt 0:02:30]} Rxd1+ {[%emt 0:08:30]} 15. Rxd1 {[%emt 0:00:30]} Nf6 {[%emt 0:06:30]} 16. Rd8+ {[%emt 0:17:30]} Kc7 {[%emt 0:00:30]} 17. Qd1 {[%emt 0:05:30]} Rg8 {[%emt 0:02:30]} 18. Bxa7 {[%emt 0:01:30]} Bc5 {[%emt 0:03:30]} 19. Bb8+ {[%emt 0:00:30]} 1-0

[Event "Turkish Cup 2022"]
[Site "Sakarya"]
[Date "2022.03.27"]
[Round "4.14"]
[White "Sahin, Huseyin"]
[Black "Kul, Ozdemir Efe"]
[Result "0-1"]
[WhiteElo "1788"]
[BlackElo "2042"]
[Annotator "NA"]
[PlyCount "102"]
[EventDate "2022.03.25"]
[EventType "swiss"]
[EventCountry "TUR"]
[SourceTitle "playchess.com"]
[Source "ChessBase"]
[SourceQuality "1"]
[TimeControl "5400+30"]

1. d4 {[%emt 0:01:00]} f5 {[%emt 0:01:00]} 2. f4 {[%emt 0:00:30]} Nf6 {[%emt 0:01:30]} 3. Nf3 {[%emt 0:00:30]} g6 {[%emt 0:00:30]} 4. e3 {[%emt 0:00:00]} Bg7 {[%emt 0:00:30]} 5. Bc4 {[%emt 0:00:00]} e6 {[%emt 0:03:30]} 6. O-O {[%emt 0:00:30]} O-O {[%emt 0:00:30]} 7. Qe2 {[%emt 0:00:30]} b6 {[%emt 0:02:30]} 8. Nbd2 {[%emt 0:00:30]} Bb7 {[%emt 0:01:30]} 9. c3 {[%emt 0:00:30]} h6 {[%emt 0:00:00]} 10. b3 {[%emt 0:00:30]} Kh7 {[%emt 0:01:00]} 11. Bb2 {[%emt 0:00:30]} Re8 {[%emt 0:04:30]} 12. Bd3 {[%emt 0:00:30]} Ne4 {[%emt 0:00:30]} 13. a4 {[%emt 0:02:30]} a6 {[%emt 0:00:30]} 14. Bc2 {[%emt 0:02:30]} d6 {[%emt 0:03:30]} 15. Nxe4 {[%emt 0:04:30]} fxe4 {[%emt 0:00:30]} 16. Nd2 {[%emt 0:00:30]} d5 {[%emt 0:01:30]} 17. Qg4 {[%emt 0:01:30]} Nd7 {[%emt 0:03:30]} 18. Rf2 {[%emt 0:03:30]} Bf8 {[%emt 0:02:30]} 19. Raf1 {[%emt 0:01:30]} Nf6 {[%emt 0:02:30]} 20. Qe2 {[%emt 0:12:30]} h5 {[%emt 0:01:30]} 21. g3 {[%emt 0:02:30]} Bd6 {[%emt 0:04:30]} 22. h3 {[%emt 0:00:30]} Rh8 {[%emt 0:00:30]} 23. c4 {[%emt 0:01:30]} a5 {[%emt 0:02:30]} 24. g4 {[%emt 0:03:30]} hxg4 {[%emt 0:00:30]} 25. hxg4 {[%emt 0:00:30]} c6 {[%emt 0:00:30]} 26. Bd1 {[%emt 0:08:30]} Kg7 {[%emt 0:00:30]} 27. Rh2 {[%emt 0:00:30]} Rxh2 {[%emt 0:20:30]} 28. Qxh2 {[%emt 0:00:30]} Qe7 {[%emt 0:00:30]} 29. g5 {[%emt 0:12:30]} Nh5 {[%emt 0:00:30]} 30. Nxe4 {[%emt 0:02:30]} dxe4 {[%emt 0:04:30]} 31. Bxh5 {[%emt 0:00:30]} Rh8 {[%emt 0:04:30]} 32. c5 {[%emt 0:03:30]} Qxg5+ {[%emt 0:08:30]} 33. Qg2 {[%emt 0:09:30]} Qxg2+ {[%emt 0:05:30]} 34. Kxg2 {[%emt 0:00:30]} Rxh5 {[%emt 0:00:00]} 35. d5+ {[%emt 0:07:02]} Kf7 {[%emt 0:01:00]} 36. dxc6 {[%emt 0:00:36]} Bxc6 {[%emt 0:05:08]} 37. cxd6 {[%emt 0:00:04]} Rd5 {[%emt 0:00:54]} 38. Be5 {[%emt 0:00:18]} Rd2+ {[%emt 0:01:18]} 39. Kg3 {[%emt 0:00:47]} Rd3 {[%emt 0:01:52]} 40. Rh1 {[%emt 0:03:31]} Rxe3+ {[%emt 0:01:00]} 41. Kf2 {[%emt 0:01:27]} Rxb3 {[%emt 0:01:37]} 42. Rh7+ {[%emt 0:00:50]} Ke8 {[%emt 0:00:26]} 43. Rh8+ {[%emt 0:08:50]} Kd7 {[%emt 0:00:46]} 44. Rh7+ {[%emt 0:00:08]} Ke8 {[%emt 0:06:59]} 45. Bf6 {[%emt 0:04:51]} Rd3 {[%emt 0:00:49]} 46. Re7+ {[%emt 0:01:12]} Kf8 {[%emt 0:00:33]} 47. Be5 {[%emt 0:01:32]} Bxa4 {[%emt 0:00:40]} 48. Rxe6 {[%emt 0:00:03]} e3+ {[%emt 0:00:51]} 49. Ke1 {[%emt 0:00:38]} Bb5 {[%emt 0:01:45]} 50. d7 {[%emt 0:01:33]} Bxd7 {[%emt 0:00:37]} 51. Rxb6 {[%emt 0:00:02]} Bg4 {[%emt 0:00:20]} 0-1